| 000 | 00922cam a22002415a 4500 | ||
|---|---|---|---|
| 001 | L157729 | ||
| 008 | 130417s2013 xxk f 000 0 eng d | ||
| 020 | _a9780415274944 | ||
| 035 | _a(Sirsi) u157729 | ||
| 041 | 0 | _aeng | |
| 050 | 0 | 4 | _a690.23 $2 18 |
| 100 | 1 | _aShiem-Shin Then, Danny | |
| 245 | 0 | 0 | _aFacilities management and the business of managing assets |
| 260 |
_aLondon _bRoutledge _c2013 |
||
| 300 |
_axiii, 121p. _c24cm |
||
| 520 | _aConsiders facilities management from the perspective of managing the assets of a business. Assets include an organisation's infrastructure, buildngs, plant and machinery as well as furniture. Looks at the role of life-cycle asset management and its contribution to business resource management. | ||
| 590 | _aKA | ||
| 651 | 4 | _aInternational | |
| 690 |
_aFacilities management _96240 |
||
| 690 | _aBusiness and management | ||
| 700 | 1 | _aTang, Teng Hee | |
| 942 | _n0 | ||
| 999 |
_c114939 _d114939 |
||